Statistics for Least Guessed Countries A-Z

Click here to take the quiz!

General Stats

  • This quiz has been taken 106 times
  • The average score is 19 of 24

Answer Stats

letter%country% Correct
Q44Qatar
96%
Y58Yemen
96%
Z43Zambia
96%
O55Oman
93%
V26Vanuatu
90%
A27Antigua and
Barbuda
88%
R40Rwanda
88%
F43Fiji
86%
D31Djibouti
83%
N22Nauru
83%
T23Tuvalu
83%
U44Uganda
82%
P23Palau
81%
H52Honduras
80%
J54Jordan
80%
E36Eswatini
78%
K23Kiribati
78%
C23Comoros
76%
G24Grenada
71%
I59Israel
71%
B27Burundi
69%
S21São Tomé
and Príncipe
68%
L36Lesotho
67%
M25Marshall Islands
65%

Score Distribution

Percentile by Number Answered

Percent of People with Each Score

Your Score History

You have not taken this quiz